Statistiche per Province che confinano con la Città metropolitana di Firenze

Clicka qui per fare il quiz!

Statistiche generali

  • Questo quiz è stato fatto 14 volte
  • Il punteggio medio è 8 su 9

Statistiche sulle risposte

RegioneProvincia% Corretto
Emilia-RomagnaCittà metropolitana di Bologna
100%
ToscanaProvincia di Arezzo
100%
ToscanaProvincia di Prato
100%
ToscanaProvincia di Siena
100%
ToscanaProvincia di Pisa
92%
ToscanaProvincia di Pistoia
92%
ToscanaProvincia di Lucca
85%
Emilia-RomagnaProvincia di Forlì-Cesena
69%
Emilia-RomagnaProvincia di Ravenna
69%

Distribuzione punteggi

Percentile per numero di risposta

Percentuale di utenti per punteggio

I tuoi punteggi nel tempo

Non hai fatto questo quiz